| 000 | 00747nam a2200277Ia 4500 | ||
|---|---|---|---|
| 001 | Para_9127 | ||
| 003 | CHAP | ||
| 008 | 220125s2005 xx 000 0 und d | ||
| 010 | _a207841 | ||
| 040 | _cCHAP | ||
| 082 | _aPA 635.92 V5 2005 | ||
| 100 |
_aVillalva Quintana, Sonia _9119468 |
||
| 245 |
_aPlagas y enfermedades de jardines / _c por Sonia Villalva Quintana |
||
| 250 | _a2 | ||
| 260 |
_aMadrid : _b Mundi-Prensa |
||
| 300 | _a356 p. | ||
| 650 |
_aJardinerÃa _961143 |
||
| 650 |
_aPlantas ornamentales _x enfermedades _989062 |
||
| 901 | _aPA 635.92 V5 2005 | ||
| 902 | _aM | ||
| 905 | _a0000002005 a 0000000000 00 | ||
| 910 | _a2005 | ||
| 942 | _cPARA | ||
| 942 |
_cPARA _d1 |
||
| 999 |
_c207841 _d207841 |
||